Parecer sobre si acaso comenten pecado mortal los electores de un beneficio que eligen al menos digno

Detalles Bibliográficos
Formato: Libro
Publicado: s.l., s.f.
Colección:Banco de datos
Acervo:Biblioteca Palafoxiana. Colección de Manuscritos
Descripción Física:2 f. ; 21 x 30 cm.
LEADER 00377nam a22001210004500
035 |a 1285 
245 1 0 |a Parecer sobre si acaso comenten pecado mortal los electores de un beneficio que eligen al menos digno 
260 |a s.l., s.f. 
300 |a 2 f. ; 21 x 30 cm. 
949 |a 32280/039 
942 |c PALAMANU 
943 |g Biblioteca Palafoxiana. Colección de Manuscritos 
999 |c 1069230  |d 1069230